| 000 | 02320 a2200229 4500 | ||
|---|---|---|---|
| 003 | OSt | ||
| 005 | 20180116182832.0 | ||
| 008 | 160513b xxu||||| |||| 00| 0 eng d | ||
| 020 | _a0198601034 (hardcover) | ||
| 020 | _a9780198601036 (hardcover) | ||
| 040 | _c0 | ||
| 082 | 0 | 4 | _a808.882 OXF 1999 |
| 100 | _aElizabeth Knowles | ||
| 245 | 1 | 4 |
_aThe oxford dictionary of twentieth-century quotations / _cElizabeth Knowles. |
| 250 | _aLater Printing ed. | ||
| 260 |
_a[S.l.] : _bOxford University Press, USA, _c1999. |
||
| 300 |
_a496 p. ; _c24 cm. |
||
| 520 | _aIn The Oxford Dictionary of Twentieth-Century Quotations, Elizabeth Knowles has brought together 5,000 quotations that provide a kaleidoscopic look at the last hundred years--from inspirational words that launched great political movements, to songs that made us dance, to witty lines that made us laugh. Here readers will find Franklin D. Roosevelt ("The only thing we have to fear is fear itself") and Martin Luther King, Jr. ("Injustice anywhere is a threat to justice everywhere"). There are numerous excerpts from works of art, from Franz Kafka's "It is often better to be in chains than to be free," to Cole Porter's "In olden days a glimpse of stocking / Was looked on as something shocking / Now, heaven knows, / Anything Goes." Knowles includes memorable flashes of wit, such as Dorothy Parker's "Men seldom make passes / At girls who wear glasses." And here too are the words of the notorious, such as Richard Nixon's "I am not a crook." In addition, the book features several special sections, including Misquotations, Newspaper Headlines ("Dewey defeats Truman"), Political Slogans ("Ban the Bomb"), Film Lines ("Let the force be with you"), and Anonymous ("Kilroy was here"). All quotations are organized alphabetically by author, and there are two indexes--a subject index and a key word index--to help readers find quotes when they don't know the author or when they need a quote to suit an occasion. The Oxford Dictionary of Twentieth-Century Quotations opens a unique window on our time, offering a panorama that is by turns amusing, appalling, uplifting, and memorable. | ||
| 700 | 1 | _aKnowles, Elizabeth. | |
| 856 | 4 | 0 |
_3Amazon.com _uhttp://www.amazon.com/exec/obidos/ASIN/0198601034/chopaconline-20 |
| 942 |
_aNBS _cBK _k808.882 OXF _2ddc |
||
| 999 |
_c346925 _d346925 |
||